| 000 | 01258cam a2200337 a 4500 | ||
|---|---|---|---|
| 001 | 2104378 | ||
| 003 | OSt | ||
| 005 | 20230622151440.0 | ||
| 008 | 951124s1995 ke a b 000 0 eng | ||
| 010 | _a 95981469 | ||
| 020 | _a9966900284 | ||
| 040 |
_aDLC _cDLC _dDLC |
||
| 042 | _alcode | ||
| 043 | _af-nr--- | ||
| 082 |
_a330 _bAJA |
||
| 100 | 1 | _aAjakaiye, David Olusanya Ishola. | |
| 245 | 1 | 0 |
_aShort-run macroeconomic effects of bank lending rates in Nigeria, 1987-91 : _ba computable general equilibrium analysis / _cD. Olu Ajakaiye. |
| 260 |
_aNairobi : _bAfrican Economic Research Consortium, _cc1995. |
||
| 300 |
_a48 p. : _bill. ; _c25 cm. |
||
| 440 | 0 |
_aAERC research paper ; _v34 |
|
| 500 | _a"March 1995." | ||
| 504 | _aIncludes bibliographical references (p. [33]-37). | ||
| 650 | 0 |
_aBank loans _zNigeria _xEconometric models. |
|
| 650 | 0 |
_aInterest rates _zNigeria _xEconometric models. |
|
| 650 | 0 |
_aMonetary policy _zNigeria _xEconometric models. |
|
| 650 | 0 | _aComputable general equilibrium models. | |
| 651 | 0 |
_aNigeria _xEconomic conditions _y1970- _xEconometric models. |
|
| 906 |
_a7 _bcbc _corigode _d3 _encip _f19 _gy-gencatlg |
||
| 942 |
_2ddc _cBK |
||
| 999 |
_c2360 _d2360 |
||